| 000 | 00908cam a2200241 i 4500 | ||
|---|---|---|---|
| 001 | 18474470 | ||
| 005 | 20250623155949.0 | ||
| 008 | 150202s2015 enk b 001 0 eng | ||
| 020 | _a9781137290298 (paperback) | ||
| 050 | 0 | 0 |
_aHD82 _b.M27 2015 |
| 082 | 0 | 0 |
_a338.9 _223 |
| 100 | 1 |
_aMcCartney, Matthew, _d1974- |
|
| 245 | 1 | 0 |
_aEconomic growth and development : _ba comparative introduction / _cMatthew McCartney. |
| 300 |
_axiv, 338 pages; _c24 cm |
||
| 650 | 0 | _aEconomic development. | |
| 650 | 0 | _aEconomic history. | |
| 650 | 0 | _aComparative economics. | |
| 650 | 7 |
_aBUSINESS & ECONOMICS / Development / Economic Development. _2bisacsh |
|
| 650 | 7 |
_aPOLITICAL SCIENCE / Economic Conditions. _2bisacsh |
|
| 650 | 7 |
_aSOCIAL SCIENCE / Developing Countries. _2bisacsh |
|
| 856 | 4 | 2 |
_3Cover image _uhttp://www.netread.com/jcusers2/bk1388/298/9781137290298/image/lgcover.9781137290298.jpg |
| 942 |
_2lcc _cBK _n0 |
||
| 999 |
_c6641 _d6641 |
||